<?xml version="1.0" encoding="UTF-8"?>
<record
    xmlns:xsi="http://www.w3.org/2001/XMLSchema-instance"
    xsi:schemaLocation="http://www.loc.gov/MARC21/slim http://www.loc.gov/standards/marcxml/schema/MARC21slim.xsd"
    xmlns="http://www.loc.gov/MARC21/slim">

  <leader>00459nam a22001457a 4500</leader>
  <datafield tag="999" ind1=" " ind2=" ">
    <subfield code="c">9470</subfield>
    <subfield code="d">9470</subfield>
  </datafield>
  <controlfield tag="008">151027b        xxu||||| |||| 00| 0 eng d</controlfield>
  <datafield tag="020" ind1=" " ind2=" ">
    <subfield code="a">9789966463791</subfield>
  </datafield>
  <datafield tag="050" ind1=" " ind2=" ">
    <subfield code="a">AFR PR 9402.9 .R81 1988</subfield>
  </datafield>
  <datafield tag="100" ind1=" " ind2=" ">
    <subfield code="a">Ruganda, John.</subfield>
  </datafield>
  <datafield tag="245" ind1=" " ind2=" ">
    <subfield code="a">The Floods :</subfield>
    <subfield code="c">a play /</subfield>
  </datafield>
  <datafield tag="260" ind1=" " ind2=" ">
    <subfield code="a">Nairobi :</subfield>
    <subfield code="b">East African Educational Publishers,</subfield>
    <subfield code="c">1988.</subfield>
  </datafield>
  <datafield tag="300" ind1=" " ind2=" ">
    <subfield code="a">156p. ;</subfield>
  </datafield>
  <datafield tag="650" ind1=" " ind2=" ">
    <subfield code="a">African-literature</subfield>
  </datafield>
  <datafield tag="650" ind1=" " ind2=" ">
    <subfield code="a">African drama</subfield>
  </datafield>
  <datafield tag="942" ind1=" " ind2=" ">
    <subfield code="2">lcc</subfield>
    <subfield code="c">AFRICANA</subfield>
    <subfield code="h">AFR PR 9402.9 .R81 1988</subfield>
  </datafield>
  <datafield tag="952" ind1=" " ind2=" ">
    <subfield code="0">0</subfield>
    <subfield code="1">0</subfield>
    <subfield code="2">lcc</subfield>
    <subfield code="4">0</subfield>
    <subfield code="7">0</subfield>
    <subfield code="a">MUC</subfield>
    <subfield code="b">MUC</subfield>
    <subfield code="c">AFR</subfield>
    <subfield code="d">2015-10-27</subfield>
    <subfield code="e">Purchase (Textbook Centre)</subfield>
    <subfield code="l">136</subfield>
    <subfield code="o">AFR PR 9402.9 R81 1988</subfield>
    <subfield code="p">17164</subfield>
    <subfield code="r">2026-04-14</subfield>
    <subfield code="s">2026-04-14</subfield>
    <subfield code="w">2015-10-27</subfield>
    <subfield code="y">AFRICANA</subfield>
  </datafield>
  <datafield tag="952" ind1=" " ind2=" ">
    <subfield code="0">0</subfield>
    <subfield code="1">0</subfield>
    <subfield code="2">lcc</subfield>
    <subfield code="4">0</subfield>
    <subfield code="7">0</subfield>
    <subfield code="a">MUC</subfield>
    <subfield code="b">MUC</subfield>
    <subfield code="c">AFR</subfield>
    <subfield code="d">2019-05-03</subfield>
    <subfield code="e">Purchase (Textbook Centre)</subfield>
    <subfield code="l">58</subfield>
    <subfield code="o">AFR PR 9402.9 R81 1988</subfield>
    <subfield code="p">38582</subfield>
    <subfield code="r">2026-03-13</subfield>
    <subfield code="s">2026-03-13</subfield>
    <subfield code="w">2019-05-03</subfield>
    <subfield code="y">AFRICANA</subfield>
  </datafield>
  <datafield tag="952" ind1=" " ind2=" ">
    <subfield code="0">0</subfield>
    <subfield code="1">0</subfield>
    <subfield code="2">lcc</subfield>
    <subfield code="4">0</subfield>
    <subfield code="7">0</subfield>
    <subfield code="a">MUC</subfield>
    <subfield code="b">MUC</subfield>
    <subfield code="c">AFR</subfield>
    <subfield code="d">2019-05-03</subfield>
    <subfield code="e">Purchase (Textbook Centre)</subfield>
    <subfield code="l">58</subfield>
    <subfield code="o">AFR PR 9402.9 .R81 1988</subfield>
    <subfield code="p">38583</subfield>
    <subfield code="r">2026-04-14</subfield>
    <subfield code="s">2026-04-14</subfield>
    <subfield code="w">2019-05-03</subfield>
    <subfield code="y">AFRICANA</subfield>
  </datafield>
  <datafield tag="952" ind1=" " ind2=" ">
    <subfield code="0">0</subfield>
    <subfield code="1">0</subfield>
    <subfield code="2">lcc</subfield>
    <subfield code="4">0</subfield>
    <subfield code="7">0</subfield>
    <subfield code="a">MUC</subfield>
    <subfield code="b">MUC</subfield>
    <subfield code="c">AFR</subfield>
    <subfield code="d">2024-08-12</subfield>
    <subfield code="e">falcon</subfield>
    <subfield code="l">18</subfield>
    <subfield code="o">AFR PR 9402.9 R81 1988</subfield>
    <subfield code="p">40022</subfield>
    <subfield code="r">2026-04-16</subfield>
    <subfield code="s">2026-04-16</subfield>
    <subfield code="w">2024-08-12</subfield>
    <subfield code="y">AFRICANA</subfield>
  </datafield>
</record>
